000 00835nam a22002417i 4500
003 URS
005 20251001091320.0
008 160425s1984 ph ||||| |||| 00| 0 eng d
040 _beng
_erda
_cURS
050 1 4 _aPL 6051
_b.C263 1984
100 1 _aCasanova, Arthur P.
_eauthor
245 1 0 _aSining ng komunikasyon pandalubhasaan /
_cArthur P. Casanova, Leodegaria P. Batua, Angelito G. Flores.
264 1 _aManila, Philippines
_bRex Book Store
_c[date of publication not identified].
264 4 _c©1984
300 _axvi, 349 pages :
_billustrations ;
_c22 cm
336 _atext
_btxt
_2rdacontent
337 _aunmediated
_bn
_2rdamedia
338 _avolume
_bnc
_2rdacarrier
650 0 _aFilipino language
_xStudy and teaching
700 1 _aFlores, Angelito G.
_eauthor
700 1 _aBatua, Leodegaria P.
_eauthor
942 _cF
_2lcc
999 _c87027
_d87025